000 00723nam a22001937a 4500
999 _c5635
_d5635
003 AR-CdUCM
008 190313b ||||| |||| 00| 0 spa d
040 _aMUNICIPALIDAD PROVINCIAL DEL CUSCO
_cBIBLIOTECA MUNICIPAL DEL CUSCO
082 _a867.48 /
_bP25
100 _aParra, José Luis
_916837
245 _aMis amigos los pepenadores :
_bLa vida de un Maestro de Banquillo /
260 _aMéxico :
_bImpresora Juan Pablos,
_c1958.
300 _a177 paginas ;
_c23 cm.
500 _aDonación familia Nieto
505 _aContenido :El encuentro --Mi primer paso --El acordeón --José Marti --Tal como eran --Madre escuela --Vuelta a la realidad ...
650 _aNovela
_9572
942 _2ddc
_cLIBROS
945 _arjall